Älteste Musiker bei Wetten, dass... - Statistiken

Allgemein
  • Dieses Quiz wurde 76 mal gespielt
    49 seit der letzten Aktualisierung
  • Das Durchschnittsergebnis liegt bei 4 aus 15
Antwortstatistiken
Nr. Datum Alter Lied Künstler % Korrekt
1 13. Dezember 2008 105 Jahre 8 Tage ’s ist einmal im Leben so Johannes Heesters
66%
7 23. Februar 2013 74 Jahre 72 Tage Junge Heino
41%
10 08. Juni 2013 68 Jahre 68 Tage Ich bau dir ein Schloss Jürgen Drews
41%
3 25. November 2023 77 Jahre 189 Tage DJ Play a Christmas Song Cher
34%
6 06. November 2021 74 Jahre 325 Tage SOS Benny Andersson
32%
4 06. November 2021 76 Jahre 195 Tage SOS Björn Ulvaeus
32%
2 22. Februar 2014 79 Jahre 145 Tage Der Mann ist das Problem Udo Jürgens
32%
12 08. November 2003 68 Jahre 27 Tage Il Canto Luciano Pavarotti
29%
13 19. November 2022 66 Jahre 221 Tage Deine Hand Herbert Grönemeyer
24%
14 19. September 1981 66 Jahre 151 Tage Life Itself Will Let You Know, I Love You Anthony Quinn
17%
11 23. Januar 1993 68 Jahre 43 Tage Witzigkeit kennt keine Grenzen Heinz Schenk
17%
5 06. November 2021 75 Jahre 173 Tage Kompass Udo Lindenberg
15%
9 13. Dezember 2008 68 Jahre 189 Tage If He Should Ever Leave You Tom Jones
10%
15 13. Dezember 2014 66 Jahre 144 Tage Spezielle Version von My Way Otto Waalkes
5%
8 29. Juni 1991 69 Jahre 340 Tage O Sole Mio Giuseppe Di Stefano
0%
Keine übereinstimmenden Quizze gefunden
Verteilung der Resultate
Anzahl Personen mit jedem Resultat
Perzentil nach korrekt beantworteten Fragen
Ihre Resultats-Entwicklung
Sie haben dieses Quiz seit der letzten Aktualisierung nicht gespielt